000 01205nam a2200217Ia 4500
003 Ost
005 20260507075053.0
008 260507s9999||||xx |||||||||||||| ||und||
040 _cfsecg
041 _aara
082 _a657.42
100 _aابراهيم، محمود أحمد
_eمؤلف
245 0 _aأنظمة محاسبة التكاليف المحددة مقدما :
_bنظام التكاليف التقديرية ونظام التكاليف المعيارية /
_c محمود أحمد ابراهيم
260 _aعمان:
_bمؤسسة الوراق للنشر والتوزيع,
_c2001
300 _a400 صفحة؛
_bإيضاحات ؛
_c24 سم
504 _aالمراجع ص.399
520 _aالإطار العام لوظيفة الرقابة على التكاليف، استخدام اسلوب التكاليف التقديرية في الرقابة على التكاليف، استخدام نظام التكاليف المعيارية في الرقابة على التكاليف، اجراءات تحديد وتحليل انحرافات عناصر التكاليف
653 _aمحاسبة التكاليف
700 _aساطع، رزوق
_eمؤلف ثانوي
942 _cكتاب
999 _c42682
_d42682